1404 1044 1128 1908 1342 1235 1378 1169 1179 1436 1628 1142 1850 1020 1543 1982 1913 1089 1620 1883 1066 1613 1821 1607 1750 1251 1508 1934 1957 1941 1185 1447 1948 1137 1533 1529 1137 1044 1923 1957 1695 1050 1603 1561 1939 1059 1423 1221 1043 1938 1379 1176 1609 1473 1873 1204 1639 1770 1239 1801 1833 1302 1367 1626 1883 1987 1031 1778 1384 1171 1682 1824 1630 1562 1925 1047 1222 1012 1872 2000 1203 1016 1149 1874 1044 1789 1421 1046 1206 1922 1971 1889 1317 1783 1541 1944 1769 1978 1753 BCNSPRNW ULIB Ver.6.0+V

เปลี่ยนเป็นภาษาไทย

Change to English
 แสดงรายละเอียดบรรณานุกรม
  กลับหน้าหลัก

Brief Record : Get Marc (ISO 2709) : E-mail record : QR code < ปิดหน้าต่าง
LEADER : 00000nam 2200000uu 4500
001    13399129005
003     ULIB
008    250502s2567||||th 000 0 tha d
020    ^a9786166168235
060  0 ^aWY100^bอ327ก
100 N  ^aอรนันท์ หาญยุทธ
245 N  ^aการพยาบาลพื้นฐาน : หลักการและการปฏิบัติ/^cอรนันท์ หาญยุทธ,บรรณาธิการ
246 N  ^aFundamentals of nursing : principles and practices
250 N  ^aพิมพ์ครั้งที่ 1
260 N  ^aกรุงเทพฯ :^bธนอรุณการพิมพ์ ; ^c2567
300 N  ^a244 หน้า : ภาพประกอบ, ตาราง
500 N  ^aบรรณานุกรมและดัชนี
520 N  ^aสาระสังเขป ความรู้พื้นฐานทางการพยาบาล -- การควบคุมและการป้องกันการติดเชื้อ -- การตอบสนองความต้องการด้านสุขอนามัยส่วนบุคล -- การตอบสนองความต้องการอาหารและน้ำดื่ม -- ความสมดุลของของเหลวและอิเล็กโทรไลต์ -- กาารตอบสนองความต้องการด้านการขับถ่ายปัสสาวะ -- การตอบสนองความต้องการขับถ่ายอุจจาระ -- การตอบสนองความต้องการในการเคลื่อนไหวของร่างกาย -- การตอบสนองความต้องการด้านการพักผ่อนและการนอนหลับ -- การตอบสนองความต้องการออกซิเจน -- การบริหารยา และการให้สารน้ำทางหลอดเลือดดำ -- การประเมินสัญญาณชีพ -- การหายของแผลและการดูแลบาดแผล -- การรับ การจำหน่าย และการดูแลผู้ถึงแก่กรรม หนังสือเล่มนี้เป็นหนังสือที่ใช้ประกอบการเรียนการสอนในวิชาการพยาบาลพื้นฐานสำหรับนักศึกษาพยาบาลและอาจารย์ผู้สอน โดยมีวัตถุประสงค์เพื่อวางพื้นฐานความรู้ที่เป็นหลักการทางการพยาบาลในการดูแลผู้รับบริการขั้นพื้นฐานก่อนนำไปสู่การปฏิบัติการพยาบาลในสถานการณ์จริง และในทุกหลักการของการพยาบาลจะมีขั้นตอนของการปฏิบัติการพยาบาลให้นักศึกษาได้ฝึกปฏิบัติ การพยาบาลพื้นฐานเล่มนี้เน้นการพยาบาลแบบองค์รวมโดยมีผู้รับบริการเป็นศูนย์กลางของการดูแล และได้นำกระบวนการพยาบาลมาใช้ในการปฏิบัติการพยาบาลเพื่อการตอบสนองความต้องการของผู้รับบริการรายบุคคลแบบบองค์รวม
650 N  ^aการพยาบาล
650 N  ^aการพยาบาล, การบริการ
945    ^p240^l0^i30441
945    ^p240^l0^i30442
945    ^p240^l0^i30443
945    ^p240^l0^i30444
945    ^p240^l0^i30445
945    ^p240^l0^i30446
945    ^p240^l0^i30447
945    ^p240^l0^i30448
945    ^p240^l0^i30449
945    ^p240^l0^i30450
999    ^aกัณชพร จุลอักษร
รายการนี้ยังไม่มีแท็ก
คุณยังไม่ได้ล็อกอิน คุณสามารถมีกิจกรรมร่วมกับเว็บไซต์ได้ แต่ต้องล็อกอินก่อน ::
  ล็อกอิน

รายการสื่อสารสนเทศ

ลำดับที่ ประเภท เลขเรียก/บาร์โค้ด สถานที่ สถานะ
1. หนังสือสำรอง
หนังสือสำรอง
WY100 อ327ก ฉ.1 
  Barcode: 30441
ห้องสมุดวิทยาเขตนครสวรรค์
►หนังสือทั่วไป:l:General Books
บนชั้น
2. วิทยาศาสตร์การแพทย์ และสุขภาพ
วิทยาศาสตร์การแพทย์ และสุขภาพ
WY100 อ327ก ฉ.10 
  Barcode: 30450
ห้องสมุดวิทยาเขตนครสวรรค์
►หนังสือทั่วไป:l:General Books
บนชั้น
3. วิทยาศาสตร์การแพทย์ และสุขภาพ
วิทยาศาสตร์การแพทย์ และสุขภาพ
WY100 อ327ก ฉ.2 
  Barcode: 30442
ห้องสมุดวิทยาเขตนครสวรรค์
►หนังสือทั่วไป:l:General Books
บนชั้น
4. วิทยาศาสตร์การแพทย์ และสุขภาพ
วิทยาศาสตร์การแพทย์ และสุขภาพ
WY100 อ327ก ฉ.3 
  Barcode: 30443
ห้องสมุดวิทยาเขตนครสวรรค์
►หนังสือทั่วไป:l:General Books
บนชั้น
5. วิทยาศาสตร์การแพทย์ และสุขภาพ
วิทยาศาสตร์การแพทย์ และสุขภาพ
WY100 อ327ก ฉ.4 
  Barcode: 30444
ห้องสมุดวิทยาเขตนครสวรรค์
►หนังสือทั่วไป:l:General Books
บนชั้น
6. วิทยาศาสตร์การแพทย์ และสุขภาพ
วิทยาศาสตร์การแพทย์ และสุขภาพ
WY100 อ327ก ฉ.5 
  Barcode: 30445
ห้องสมุดวิทยาเขตนครสวรรค์
►หนังสือทั่วไป:l:General Books
บนชั้น
7. วิทยาศาสตร์การแพทย์ และสุขภาพ
วิทยาศาสตร์การแพทย์ และสุขภาพ
WY100 อ327ก ฉ.6 
  Barcode: 30446
ห้องสมุดวิทยาเขตนครสวรรค์
►หนังสือทั่วไป:l:General Books
บนชั้น
8. วิทยาศาสตร์การแพทย์ และสุขภาพ
วิทยาศาสตร์การแพทย์ และสุขภาพ
WY100 อ327ก ฉ.7 
  Barcode: 30447
ห้องสมุดวิทยาเขตนครสวรรค์
►หนังสือทั่วไป:l:General Books
บนชั้น
9. วิทยาศาสตร์การแพทย์ และสุขภาพ
วิทยาศาสตร์การแพทย์ และสุขภาพ
WY100 อ327ก ฉ.8 
  Barcode: 30448
ห้องสมุดวิทยาเขตนครสวรรค์
►หนังสือทั่วไป:l:General Books
บนชั้น
10. วิทยาศาสตร์การแพทย์ และสุขภาพ
วิทยาศาสตร์การแพทย์ และสุขภาพ
WY100 อ327ก ฉ.9 
  Barcode: 30449
ห้องสมุดวิทยาเขตนครสวรรค์
►หนังสือทั่วไป:l:General Books
บนชั้น

รายการใกล้เคียง
    ผู้แต่ง [อรนันท์ หาญยุทธ]

    หัวเรื่อง [การพยาบาล]
    หัวเรื่อง [การพยาบาล, การบริการ]

BibComment


ยังไม่เคยถูกคอมเมนท์

คอมเมนท์ทรัพยากรรายการนี้
  คอมเมนท์: การพยาบาลพื้นฐาน..


 Copyright 2026. Bcnsprnw @Library